| 000 | 00655nam a22001697a 4500 | ||
|---|---|---|---|
| 999 |
_c14739 _d14739 |
||
| 008 | 191121b ||||| |||| 00| 0 eng d | ||
| 082 |
_22019 _aUT 1349 _bG15 |
||
| 100 |
_aGapa, Decimae P. _940697 |
||
| 245 |
_aFast Food Industry: _bCustomers and Managers' Perspectiveness/ _cDecimae P. Gapa, Shalraz J. Ausa and Hayconastadj R. Morato |
||
| 260 |
_aDigos City _bUMDC _cJune 2019 |
||
| 300 |
_a88 pages _c30cm |
||
| 650 |
_aTechnical Teachers Education _vFood and Service Management _xUndergraduate Thesis _940698 |
||
| 700 |
_aGapa, Decimae P. _940699 |
||
| 700 |
_aAusa, Shalraz J. _940700 |
||
| 700 |
_aMorato, Hayconastadj R. _940701 |
||
| 942 |
_2ddc _cUT |
||